000
00265nam a2200109Ia 4500
008
190216s9999||||xx |||||||||||||| ||und||
100
_a
Edassery
245
0
_a
Adhunika Gadya Mathrkagal
260
_b
University Of Calicut
650
_a
Essay Malayalam
942
_c
BK
999
_c
25483
_d
25483